Mezőgazdaság, élelmiszeripar feladatok egyeztetése : mire lesz pénz, mire nem? /
Elmentve itt :
| Szerző: | |
|---|---|
| Dokumentumtípus: | Cikk |
| Megjelent: |
1985-06-20
|
| Sorozat: | Délmagyarország
75 No. 143 |
| Kulcsszavak: | Csongrád megye, Mezőgazdaság Csongrád megye, Ipar élelmiszeripar Csongrád megye |
| Online Access: | http://dmarchiv.bibl.u-szeged.hu/86300 |
| LEADER | 00580nab a2200157 i 4500 | ||
|---|---|---|---|
| 001 | delm86300 | ||
| 005 | 20190916132816.0 | ||
| 008 | 190916s1985 hu o 0|| hun d | ||
| 040 | |a SZTE Délmagyarország Archívum |b hun | ||
| 041 | |a hun | ||
| 100 | 1 | |a Tanács István | |
| 245 | 1 | 0 | |a Mezőgazdaság, élelmiszeripar |h [elektronikus dokumentum] : |b feladatok egyeztetése : mire lesz pénz, mire nem? / |c Tanács István |
| 260 | |c 1985-06-20 | ||
| 300 | |a 1 | ||
| 490 | 0 | |a Délmagyarország |v 75 No. 143 | |
| 695 | |a Csongrád megye, Mezőgazdaság Csongrád megye, Ipar élelmiszeripar Csongrád megye | ||